00545nam a22001695i 450000100060000000300090000600500170001500700030003200800410003504000140007610000200009024501180011026000570022830000350028570000320032085200230035248093ES-MaACL20230906161707.0t|940301m18801883fr ||||1| fre d aCAM bspa1 aCurtius, Ernst.10aHistoire grecque / cErnest Curtius ; traduite de l'allemand sur la cinquieme édition par A. Bouché-Leclercq. aParis : b[s.n.], c1880-1883 (fImp. Ernest Leroux) a5 v. (487, [2] p. ) ; c25 cm.1 aBouché-Leclercq, Auguste. aES-MaACLjG-5703-7